[Event "San Francisco Wilkerson Memorial"]
[Site "San Francisco"]
[Date "2020.02.06"]
[Round "2"]
[White "Clemens, Kristian"]
[Black "Hakobyan, Sos"]
[Result "1-0"]
[WhiteElo "1934"]
[BlackElo "1692"]
[PlyCount "39"]
[EventDate "2020.01.07"]
[EventType "swiss"]
[EventRounds "7"]
[EventCountry "USA"]
[SourceTitle "CBM 195 Extra"]
[Source "ChessBase"]
[SourceDate "2020.05.31"]
[SourceVersion "1"]
[SourceVersionDate "2020.05.31"]
[SourceQuality "1"]

1. Nf3 e6 2. d4 c5 3. e3 cxd4 4. exd4 d5 5. c4 Nf6 6. Nc3 Bb4 7. Bd2 Nc6 8. a3 Be7 9. Bg5 h6 10. Bh4 dxc4 11. Bxc4 g5 12. Bg3 g4 13. Ne5 Qxd4 14. Bb5 Qxd1+ 15. Rxd1 Bd7 16. Nxd7 Nxd7 17. Ne4 a6 18. Be2 0-0-0 19. Rc1 f5 20. Rxc6+ 1-0

[Event "San Francisco TNM Fall op"]
[Site "San Francisco"]
[Date "2017.12.12"]
[Round "8"]
[White "Schneider, Stephen"]
[Black "Clemens, Kristian"]
[Result "0-1"]
[WhiteElo "1402"]
[BlackElo "1893"]
[PlyCount "66"]
[EventDate "2017.10.24"]
[EventType "swiss"]
[EventRounds "9"]
[EventCountry "USA"]
[SourceTitle "EXT 2023"]
[Source "ChessBase"]
[SourceDate "2022.10.05"]
[SourceVersion "1"]
[SourceVersionDate "2022.10.05"]
[SourceQuality "1"]

1. e4 e5 2. Nf3 Nf6 3. d3 Nc6 4. Be3 Bb4+ 5. c3 Ba5 6. g3 0-0 7. Nbd2 d5 8. Bg2 dxe4 9. dxe4 Qd3 10. Ng5 Bg4 11. f3 Qxe3+ 12. Qe2 Qxg5 13. h4 Qg6 14. fxg4 Qxg4 15. Qf2 Bb6 16. Qf3 Rad8 17. Nc4 Rd7 18. Nxb6 Qxf3 19. Bxf3 axb6 20. g4 Rd3 21. 0-0 Nxg4 22. h5 Rfd8 23. Bxg4 Rg3+ 24. Kf2 Rxg4 25. Kf3 Rf4+ 26. Ke3 Rxf1 27. Rxf1 f6 28. b4 Kf7 29. Rg1 Na7 30. a4 Nc8 31. Rb1 Nd6 32. b5 Nc4+ 33. Kf3 Nd2+ 0-1

[Event "San Francisco TNM Fall op"]
[Site "San Francisco"]
[Date "2017.11.28"]
[Round "6"]
[White "Gomboluudev, Enkhjin C"]
[Black "Clemens, Kristian"]
[Result "1-0"]
[WhiteElo "1665"]
[BlackElo "1893"]
[PlyCount "80"]
[EventDate "2017.10.24"]
[EventType "swiss"]
[EventRounds "9"]
[EventCountry "USA"]
[SourceTitle "EXT 2023"]
[Source "ChessBase"]
[SourceDate "2022.10.05"]
[SourceVersion "1"]
[SourceVersionDate "2022.10.05"]
[SourceQuality "1"]

1. d4 d5 2. c4 e6 3. Nc3 Be7 4. Nf3 Nf6 5. Bg5 Nbd7 6. e3 0-0 7. Rc1 c6 8. Bd3 dxc4 9. Bxc4 Nd5 10. Bxe7 Qxe7 11. 0-0 Nxc3 12. Rxc3 e5 13. Qc2 e4 14. Nd2 Nf6 15. h3 Bf5 16. Qc1 Bg6 17. Bb3 Rfe8 18. a3 Bh5 19. Bc2 Rad8 20. b4 Rd5 21. Rc5 Red8 22. Bb3 Rxc5 23. bxc5 h6 24. Re1 Nd7 25. Qc2 Bg6 26. Rc1 Bf5 27. a4 g5 28. Nc4 Bg6 29. Qb1 g4 30. hxg4 Kh7 31. a5 a6 32. Bd1 Nf6 33. Nd6 Rd7 34. Qb3 Ne8 35. Nc4 f6 36. Be2 Bf7 37. Qb6 Bxc4 38. Bxc4 Qg7 39. Be6 Rc7 40. Bf5+ Qg6 1-0

[Event "San Francisco Grey Memorial"]
[Site "San Francisco"]
[Date "2017.10.03"]
[Round "9"]
[White "Clemens, Kristian"]
[Black "Poling, Scott"]
[Result "1-0"]
[WhiteElo "1902"]
[BlackElo "1837"]
[PlyCount "85"]
[EventDate "2017.08.08"]
[EventType "swiss"]
[EventRounds "9"]
[EventCountry "USA"]
[SourceTitle "EXT 2023"]
[Source "ChessBase"]
[SourceDate "2022.10.05"]
[SourceVersion "1"]
[SourceVersionDate "2022.10.05"]
[SourceQuality "1"]

1. Nf3 d5 2. d4 Nf6 3. c4 c6 4. e3 e6 5. Nc3 Nbd7 6. Bd2 Ne4 7. Bd3 Nxd2 8. Qxd2 Be7 9. 0-0 0-0 10. Rac1 dxc4 11. Bxc4 b5 12. Bb3 Bb7 13. Rfd1 a6 14. Ne4 a5 15. a3 a4 16. Ba2 Qb6 17. Qc2 Rfc8 18. Nc5 Nxc5 19. dxc5 Qc7 20. Nd4 Qe5 21. Nf3 Qc7 22. Qe4 Rd8 23. Nd4 Bf6 24. h4 Qe5 25. Bb1 g6 26. g3 Qc7 27. h5 Rd5 28. hxg6 hxg6 29. Ba2 Re5 30. Qf4 Qe7 31. Rc2 Rh5 32. Qe4 Rxc5 33. Rxc5 Qxc5 34. Bxe6 Qe7 35. Qxg6+ Kf8 36. Qh6+ Bg7 37. Qf4 Bxd4 38. Qxd4 Qxe6 39. Qh8+ Ke7 40. Qh4+ Ke8 41. Rd4 c5 42. Qh8+ Ke7 43. Qh4+ 1-0

[Event "San Francisco Grey Memorial"]
[Site "San Francisco"]
[Date "2017.09.26"]
[Round "8"]
[White "Campers, William"]
[Black "Clemens, Kristian"]
[Result "0-1"]
[WhiteElo "1651"]
[BlackElo "1902"]
[PlyCount "108"]
[EventDate "2017.08.08"]
[EventType "swiss"]
[EventRounds "9"]
[EventCountry "USA"]
[SourceTitle "EXT 2023"]
[Source "ChessBase"]
[SourceDate "2022.10.05"]
[SourceVersion "1"]
[SourceVersionDate "2022.10.05"]
[SourceQuality "1"]

1. e4 e5 2. Nf3 Nf6 3. Nc3 Nc6 4. Bb5 Bb4 5. d3 Nd4 6. Bc4 d6 7. a3 Ba5 8. b4 Bb6 9. Nxd4 Bxd4 10. Bb2 Bg4 11. Qd2 0-0 12. Na4 Bxb2 13. Nxb2 d5 14. exd5 Nxd5 15. 0-0 Nf4 16. Rfe1 Qg5 17. Qe3 Rae8 18. Bd5 c6 19. Bf3 f5 20. Kh1 Re6 21. Bxg4 Qxg4 22. Qg3 Qh5 23. Qf3 Qh6 24. Nc4 Rg6 25. g3 Qh3 26. Kg1 Rh6 27. Qh1 Ng6 28. Nxe5 Nxe5 29. Rxe5 f4 30. Qg2 Qd7 31. Rae1 fxg3 32. hxg3 Rhf6 33. R1e2 Qd4 34. R5e4 Qa1+ 35. Qf1 Qxa3 36. Qh3 Qc1+ 37. Qf1 Qg5 38. Qh3 Qd5 39. Qg2 c5 40. bxc5 Qxc5 41. R4e3 Rxf2 42. Qxf2 Rxf2 43. Kxf2 a5 44. Ke1 h6 45. Re8+ Kh7 46. R8e3 a4 47. Kd2 Qb4+ 48. Kc1 a3 49. c4 Qb3 50. d4 Qxc4+ 51. Rc2 Qf1+ 52. Kd2 Qf2+ 53. Kd3 Qf5+ 54. Kd2 Qa5+ 0-1

[Event "San Francisco Grey Memorial"]
[Site "San Francisco"]
[Date "2017.08.08"]
[Round "1"]
[White "James, Charles"]
[Black "Clemens, Kristian"]
[Result "0-1"]
[WhiteElo "1382"]
[BlackElo "1902"]
[PlyCount "76"]
[EventDate "2017.08.08"]
[EventType "swiss"]
[EventRounds "9"]
[EventCountry "USA"]
[SourceTitle "EXT 2023"]
[Source "ChessBase"]
[SourceDate "2022.10.05"]
[SourceVersion "1"]
[SourceVersionDate "2022.10.05"]
[SourceQuality "1"]

1. d4 d5 2. c4 e6 3. Nc3 Be7 4. Bf4 Nf6 5. Qc2 0-0 6. e3 Nbd7 7. Bd3 dxc4 8. Bxc4 Nb6 9. Bd3 h6 10. h3 Nbd5 11. Bh2 Nb4 12. Qe2 Nxd3+ 13. Qxd3 c5 14. Nf3 cxd4 15. exd4 b6 16. 0-0 Bb7 17. Ne5 Nd5 18. a3 Rc8 19. Rac1 Bg5 20. f4 Bf6 21. Ne4 Be7 22. g4 Nf6 23. Ng3 Qd5 24. Qd2 Ne4 25. Nxe4 Rxc1 26. Qxc1 Qxd4+ 27. Nf2 Qd5 28. Ne4 Qxe4 29. Rf3 Bc5+ 30. Kg2 Qe2+ 31. Kg3 Bxf3 32. Bg1 Qg2+ 33. Kh4 Be7+ 34. g5 hxg5+ 35. fxg5 f6 36. Nxf3 Qxf3 37. Be3 fxg5+ 38. Bxg5 Rf4+ 0-1

[Event "San Francisco TNM Summer op"]
[Site "San Francisco"]
[Date "2017.07.18"]
[Round "8"]
[White "Clemens, Kristian"]
[Black "Ismakov, Arthur"]
[Result "0-1"]
[WhiteElo "1833"]
[BlackElo "2111"]
[PlyCount "78"]
[EventDate "2017.05.23"]
[EventType "swiss"]
[EventRounds "8"]
[EventCountry "USA"]
[SourceTitle "EXT 2023"]
[Source "ChessBase"]
[SourceDate "2022.10.05"]
[SourceVersion "1"]
[SourceVersionDate "2022.10.05"]
[SourceQuality "1"]

1. d4 b6 2. c4 Bb7 3. Nf3 e6 4. g3 Nf6 5. Bg2 c5 6. e3 Be7 7. Nc3 d5 8. Ne5 0-0 9. 0-0 h6 10. Qa4 Qc8 11. cxd5 exd5 12. Rd1 Qe6 13. Qb3 c4 14. Qc2 Nc6 15. Nxc6 Bxc6 16. b3 b5 17. bxc4 bxc4 18. a4 a5 19. Ba3 Bb4 20. e4 dxe4 21. Re1 Rfe8 22. f3 Bxa3 23. Rxa3 Qd6 24. Nb1 Qxd4+ 25. Qf2 Qxf2+ 26. Kxf2 exf3 27. Rxe8+ Rxe8 28. Bxf3 Bxf3 29. Kxf3 Nd5 30. Ra2 c3 31. Rc2 Rb8 32. Rc1 Rb4 33. Ke2 Rxa4 34. Kd3 Ra2 35. h4 Rg2 36. Ke4 c2 37. Na3 Rxg3 38. Nxc2 Nf6+ 39. Kf5 Rc3 0-1

[Event "San Francisco TNM Summer op"]
[Site "San Francisco"]
[Date "2017.06.27"]
[Round "6"]
[White "Clemens, Kristian"]
[Black "Askin, Michael"]
[Result "1/2-1/2"]
[WhiteElo "1833"]
[BlackElo "1983"]
[PlyCount "52"]
[EventDate "2017.05.23"]
[EventType "swiss"]
[EventRounds "8"]
[EventCountry "USA"]
[SourceTitle "EXT 2023"]
[Source "ChessBase"]
[SourceDate "2022.10.05"]
[SourceVersion "1"]
[SourceVersionDate "2022.10.05"]
[SourceQuality "1"]

1. d4 d5 2. c4 c6 3. Nf3 Nf6 4. Nc3 e6 5. e3 Nbd7 6. Bd3 dxc4 7. Bxc4 b5 8. Bd3 a6 9. 0-0 c5 10. Qe2 Qb6 11. Rd1 Bb7 12. Bd2 Bd6 13. a4 b4 14. a5 Qa7 15. Na2 cxd4 16. Bxb4 Bxb4 17. Nxb4 dxe3 18. Qxe3 Qxe3 19. fxe3 0-0 20. Rac1 Rfb8 21. Nc6 Bxc6 22. Rxc6 Rxb2 23. Bxa6 g5 24. Rc8+ Rxc8 25. Bxc8 Nc5 26. Nxg5 Ra2 1/2-1/2

[Event "San Francisco TNM Spring op"]
[Site "San Francisco"]
[Date "2017.04.25"]
[Round "7"]
[White "Clemens, Kristian"]
[Black "Warton, Philip"]
[Result "1-0"]
[WhiteElo "1875"]
[BlackElo "1799"]
[PlyCount "44"]
[EventDate "2017.03.14"]
[EventType "swiss"]
[EventRounds "8"]
[EventCountry "USA"]
[SourceTitle "EXT 2023"]
[Source "ChessBase"]
[SourceDate "2022.10.05"]
[SourceVersion "1"]
[SourceVersionDate "2022.10.05"]
[SourceQuality "1"]

1. d4 Nf6 2. c4 c5 3. e3 g6 4. Nf3 Bg7 5. Be2 0-0 6. 0-0 d6 7. Nc3 Nc6 8. b3 cxd4 9. exd4 d5 10. Bb2 Re8 11. Rc1 Bg4 12. cxd5 Nxd5 13. Nxd5 Qxd5 14. Rc5 Qd6 15. Bb5 Bxf3 16. Qxf3 Rec8 17. Rfc1 a6 18. Bxc6 Rxc6 19. Rxc6 bxc6 20. Qxc6 Qd8 21. Kf1 Rb8 22. Qc7 Bxd4 1-0

[Event "San Francisco TNM Spring op"]
[Site "San Francisco"]
[Date "2017.03.28"]
[Round "3"]
[White "Bayaraa, Chinguun"]
[Black "Clemens, Kristian"]
[Result "1-0"]
[WhiteElo "1988"]
[BlackElo "1875"]
[PlyCount "93"]
[EventDate "2017.03.14"]
[EventType "swiss"]
[EventRounds "8"]
[EventCountry "USA"]
[SourceTitle "EXT 2023"]
[Source "ChessBase"]
[SourceDate "2022.10.05"]
[SourceVersion "1"]
[SourceVersionDate "2022.10.05"]
[SourceQuality "1"]

1. d4 d5 2. c4 e6 3. Nc3 Nf6 4. Bg5 Be7 5. e3 Nbd7 6. Nf3 0-0 7. Rc1 c6 8. Bd3 dxc4 9. Bxc4 Nd5 10. Bxe7 Qxe7 11. e4 Nxc3 12. bxc3 e5 13. d5 cxd5 14. Bxd5 Nf6 15. 0-0 Rd8 16. Qb3 Nxd5 17. exd5 f6 18. Nd2 Bf5 19. c4 b6 20. Rfe1 Rac8 21. Nf1 Qc5 22. Ng3 Bg6 23. h4 h5 24. Ne2 Qa5 25. Rc3 Bd3 26. Kf1 Bxe2+ 27. Kxe2 Rxd5 28. Rg3 Rd2+ 29. Kf1 Qxa2 30. Qf3 Qxc4+ 31. Kg1 Qf4 32. Qb7 Qxf2+ 33. Kh2 Qxg3+ 34. Kxg3 Rc3+ 35. Kh2 Rcc2 36. Rg1 Rd4 37. Kh3 Rd3+ 38. g3 Rdd2 39. Rh1 Ra2 40. Qf3 Rdb2 41. Qxh5 a5 42. Qe8+ Kh7 43. h5 Rf2 44. Qg6+ Kg8 45. h6 Kf8 46. Qxg7+ Ke8 47. h7 1-0

[Event "San Francisco TNM Spring op"]
[Site "San Francisco"]
[Date "2017.03.21"]
[Round "2"]
[White "Clemens, Kristian"]
[Black "Vickers, Keith"]
[Result "1-0"]
[WhiteElo "1875"]
[BlackElo "1960"]
[PlyCount "111"]
[EventDate "2017.03.14"]
[EventType "swiss"]
[EventRounds "8"]
[EventCountry "USA"]
[SourceTitle "EXT 2023"]
[Source "ChessBase"]
[SourceDate "2022.10.05"]
[SourceVersion "1"]
[SourceVersionDate "2022.10.05"]
[SourceQuality "1"]

1. d4 f5 2. c4 Nf6 3. Nc3 e6 4. g3 d5 5. Bg2 c6 6. Nf3 Bd6 7. b3 0-0 8. 0-0 Qe7 9. Qc2 Nbd7 10. Bf4 Bxf4 11. gxf4 Ne4 12. Rad1 Kh8 13. e3 Qf7 14. Nxe4 fxe4 15. Ng5 Qg6 16. f3 h6 17. Nh3 Nf6 18. Nf2 Bd7 19. fxe4 e5 20. dxe5 Nxe4 21. Nxe4 Bf5 22. Kh1 Bxe4 23. Bxe4 dxe4 24. Rg1 Qf5 25. Qg2 g5 26. Qg4 Rf7 27. Qxf5 Rxf5 28. Rd6 Kh7 29. e6 Re8 30. Rg4 gxf4 31. exf4 Rf6 32. Rd7+ Kh8 33. f5 Rxf5 34. Rxe4 b5 35. cxb5 cxb5 36. Rxa7 Rf6 37. e7 Kg7 38. Re5 b4 39. Re4 Rb6 40. h3 Kf7 41. Kg2 Rg8+ 42. Kf3 Rf6+ 43. Rf4 Rxf4+ 44. Kxf4 Rg2 45. Kf3 Rh2 46. Kg3 Re2 47. h4 Rxe7 48. Rxe7+ Kxe7 49. Kf4 Kf6 50. h5 Ke6 51. Ke4 Kf6 52. Kd4 Kg5 53. Kc4 Kxh5 54. Kxb4 Kg4 55. a4 h5 56. a5 1-0

[Event "San Francisco TNM Spring op"]
[Site "San Francisco"]
[Date "2017.03.14"]
[Round "1"]
[White "White, Benjamin M"]
[Black "Clemens, Kristian"]
[Result "0-1"]
[WhiteElo "1296"]
[BlackElo "1875"]
[PlyCount "82"]
[EventDate "2017.03.14"]
[EventType "swiss"]
[EventRounds "8"]
[EventCountry "USA"]
[SourceTitle "EXT 2023"]
[Source "ChessBase"]
[SourceDate "2022.10.05"]
[SourceVersion "1"]
[SourceVersionDate "2022.10.05"]
[SourceQuality "1"]

1. e4 e5 2. f4 exf4 3. Nf3 d5 4. exd5 Nf6 5. c4 Bc5 6. d4 Bb4+ 7. Nc3 0-0 8. Bd3 Re8+ 9. Ne5 c5 10. dxc6 Nxc6 11. Be2 Nxd4 12. Bxf4 Ne4 13. 0-0 Bxc3 14. Nxf7 Qb6 15. Be3 Qxb2 16. Bh5 g6 17. Rb1 Nf5 18. Rxb2 Nxe3 19. Nh6+ Kh8 20. Qa4 Be6 21. Bxg6 hxg6 22. Rfb1 Bxb2 23. Rxb2 Rf8 24. Rb1 Nc3 25. Qa3 Nxb1 26. Qxe3 Rae8 27. Ng4 Rf1+ 28. Kxf1 Bxc4+ 29. Kf2 Rxe3 30. Kxe3 Bxa2 31. h4 Be6 32. Ne5 Kg7 33. g4 a5 34. g5 a4 35. Nd3 a3 36. Nb4 a2 37. Nc2 Bf5 38. Na1 Na3 39. Kd4 Nc2+ 40. Kc3 Nxa1 41. Kb2 Nc2 0-1

[Event "San Francisco TNM Fall op"]
[Site "San Francisco"]
[Date "2016.11.08"]
[Round "4"]
[White "Clemens, Kristian"]
[Black "Pan, Hongkai"]
[Result "0-1"]
[WhiteElo "1944"]
[BlackElo "2099"]
[PlyCount "68"]
[EventDate "2016.10.18"]
[EventType "swiss"]
[EventRounds "9"]
[EventCountry "USA"]
[SourceTitle "EXT 2018"]
[Source "ChessBase"]
[SourceDate "2017.10.13"]
[SourceVersion "1"]
[SourceVersionDate "2017.10.13"]
[SourceQuality "1"]

1. d4 d5 2. c4 e6 3. Nc3 c6 4. cxd5 exd5 5. Nf3 Bf5 6. Bg5 Be7 7. Bxe7 Nxe7 8. e3 0-0 9. Bd3 Nd7 10. 0-0 h6 11. Rb1 a5 12. b4 axb4 13. Rxb4 Ra3 14. Bxf5 Nxf5 15. Qc2 Nd6 16. Rfb1 b5 17. e4 dxe4 18. Nxe4 Nxe4 19. Qxe4 Qa8 20. d5 Nf6 21. Qe5 Re8 22. Qg3 Ne4 23. Qh4 cxd5 24. Nd4 Nc3 25. Rf1 Re4 26. f4 Qa7 27. Qg4 Rxd4 28. Rxd4 Qxd4+ 29. Kh1 Qc4 30. Re1 Ne4 31. Qh4 Rxa2 32. Qd8+ Kh7 33. Qd7 Qc2 34. Qf5+ Kg8 0-1

[Event "San Francisco TNM Fall op"]
[Site "San Francisco"]
[Date "2016.11.01"]
[Round "3"]
[White "Erickson, Lane Austin"]
[Black "Clemens, Kristian"]
[Result "0-1"]
[WhiteElo "1558"]
[BlackElo "1944"]
[PlyCount "42"]
[EventDate "2016.10.18"]
[EventType "swiss"]
[EventRounds "9"]
[EventCountry "USA"]
[SourceTitle "EXT 2018"]
[Source "ChessBase"]
[SourceDate "2017.10.13"]
[SourceVersion "1"]
[SourceVersionDate "2017.10.13"]
[SourceQuality "1"]

1. d4 d5 2. c4 e6 3. Nc3 Nf6 4. cxd5 exd5 5. Bg5 Be7 6. e3 c6 7. Qc2 Be6 8. Bd3 h6 9. Bh4 Nbd7 10. Nge2 0-0 11. f3 c5 12. Qd2 cxd4 13. Nxd4 Ne5 14. Be2 Rc8 15. Nxe6 fxe6 16. Nb5 Nc4 17. Bxc4 Rxc4 18. Bxf6 Bxf6 19. Nxa7 Qb6 20. e4 Qxa7 21. exd5 Rd4 0-1

[Event "San Francisco Benson Memorial"]
[Site "San Francisco"]
[Date "2016.08.02"]
[Round "1"]
[White "Brown, Nicholas"]
[Black "Clemens, Kristian"]
[Result "1/2-1/2"]
[WhiteElo "1419"]
[BlackElo "1959"]
[PlyCount "66"]
[EventDate "2016.08.02"]
[EventType "swiss"]
[EventRounds "9"]
[EventCountry "USA"]
[SourceTitle "EXT 2018"]
[Source "ChessBase"]
[SourceDate "2017.10.13"]
[SourceVersion "1"]
[SourceVersionDate "2017.10.13"]
[SourceQuality "1"]

1. d4 d5 2. c4 e6 3. Nc3 Nf6 4. Bg5 Be7 5. e3 Nbd7 6. Nf3 0-0 7. Bd3 dxc4 8. Bxc4 b6 9. 0-0 Bb7 10. Bxf6 Nxf6 11. Bd3 c5 12. Be2 Rc8 13. Rc1 cxd4 14. Nxd4 Bb4 15. Qb3 Qe7 16. a3 Bc5 17. Nf3 Ng4 18. h3 Nxe3 19. fxe3 Bxe3+ 20. Kh1 Bxc1 21. Rxc1 Bd5 22. Qb4 Qf6 23. Rf1 Qg6 24. Nxd5 exd5 25. Nh4 Qg3 26. Nf5 Qe5 27. Ne7+ Kh8 28. Nxc8 Rxc8 29. Rxf7 Qe8 30. Qe7 Qg8 31. Bb5 a5 32. Bd7 Rc1+ 33. Kh2 Qb8+ 1/2-1/2

[Event "San Francisco TNM Summer op"]
[Site "San Francisco"]
[Date "2016.06.28"]
[Round "6"]
[White "Clemens, Kristian"]
[Black "Sherwood, Peter"]
[Result "1-0"]
[WhiteElo "2002"]
[BlackElo "1672"]
[PlyCount "117"]
[EventDate "2016.05.24"]
[EventType "swiss"]
[EventRounds "8"]
[EventCountry "USA"]
[SourceTitle "EXT 2018"]
[Source "ChessBase"]
[SourceDate "2017.10.13"]
[SourceVersion "1"]
[SourceVersionDate "2017.10.13"]
[SourceQuality "1"]

1. d4 d5 2. c4 dxc4 3. Nc3 a6 4. a4 Nf6 5. e3 e6 6. Bxc4 b6 7. Nge2 Bb7 8. 0-0 Bd6 9. f3 Nd5 10. e4 Nxc3 11. Nxc3 Nd7 12. Be3 0-0 13. Qd2 Be7 14. Rad1 Nf6 15. Rfe1 c6 16. d5 cxd5 17. exd5 exd5 18. Nxd5 Nxd5 19. Bxd5 Qc7 20. Rc1 Bc5 21. Bxc5 bxc5 22. Bxb7 Qxb7 23. Rxc5 Qb6 24. Qf2 Rab8 25. Rc2 Qb3 26. Ra1 Rb4 27. a5 Rb5 28. h3 Rd8 29. Rd2 Re8 30. Qd4 h6 31. Ra3 Qb4 32. Qc3 Qf4 33. Rd4 Qg3 34. Ra1 Rbe5 35. Re4 Rxe4 36. fxe4 Qxc3 37. bxc3 Rxe4 38. Kf2 f5 39. Re1 Ra4 40. Re5 g6 41. Kf3 Kf7 42. Rc5 Re4 43. g4 Kf6 44. gxf5 gxf5 45. Rc6+ Re6 46. Rxe6+ Kxe6 47. Kf4 h5 48. h4 Kf6 49. c4 Ke6 50. c5 Kd5 51. Kxf5 Kxc5 52. Kg5 Kb5 53. Kxh5 Kxa5 54. Kg4 Kb4 55. h5 a5 56. h6 a4 57. h7 a3 58. h8Q Kb3 59. Qa1 1-0

[Event "San Francisco TNM Winter op"]
[Site "San Francisco"]
[Date "2016.02.16"]
[Round "7"]
[White "Clemens, Kristian"]
[Black "Fuentes, Romulo C"]
[Result "0-1"]
[WhiteElo "1932"]
[BlackElo "2208"]
[PlyCount "120"]
[EventDate "2016.01.05"]
[EventType "swiss"]
[EventRounds "8"]
[EventCountry "USA"]
[SourceTitle "EXT 2018"]
[Source "ChessBase"]
[SourceDate "2017.10.13"]
[SourceVersion "1"]
[SourceVersionDate "2017.10.13"]
[SourceQuality "1"]

1. d4 Nf6 2. c4 e6 3. Nf3 c5 4. e3 b6 5. Nc3 Bb7 6. Be2 Be7 7. 0-0 d6 8. Qc2 Nbd7 9. b3 Rc8 10. Bb2 a6 11. Rfd1 Qc7 12. Rac1 0-0 13. Nd2 cxd4 14. exd4 Qb8 15. Qb1 h6 16. Bf3 Rc7 17. Nce4 d5 18. Nc3 dxc4 19. Bxb7 Qxb7 20. bxc4 Rfc8 21. Qd3 Bd6 22. Ne2 Rd8 23. Ba3 Nf8 24. Bxd6 Rxd6 25. Qb3 Qc8 26. Nf1 Ng6 27. Ne3 Ne7 28. h3 Qd8 29. Qa3 Ra7 30. c5 bxc5 31. Rxc5 Ne4 32. Nc4 Nxc5 33. Nxd6 Qxd6 34. Qxc5 Rd7 35. Rc1 Nf5 36. Qc8+ Rd8 37. Qc4 g5 38. Rc2 Nxd4 39. Nxd4 Qxd4 40. Qc6 a5 41. a4 Qd1+ 42. Kh2 Qd6+ 43. Qxd6 Rxd6 44. Rc4 Kg7 45. h4 Kg6 46. hxg5 hxg5 47. g4 Kf6 48. f4 Rd3 49. Kg2 Ra3 50. Kf2 gxf4 51. Rxf4+ Ke7 52. Rd4 Rb3 53. Ke2 f6 54. Kd2 e5 55. Rd5 Rb4 56. Rxa5 Rxg4 57. Ra8 Ke6 58. a5 Ra4 59. Ke3 Ra3+ 60. Ke2 f5 0-1

[Event "San Francisco TNM Winter op"]
[Site "San Francisco"]
[Date "2016.01.26"]
[Round "4"]
[White "Klinetobe, David"]
[Black "Clemens, Kristian"]
[Result "1/2-1/2"]
[WhiteElo "2000"]
[BlackElo "1932"]
[PlyCount "111"]
[EventDate "2016.01.05"]
[EventType "swiss"]
[EventRounds "8"]
[EventCountry "USA"]
[SourceTitle "EXT 2018"]
[Source "ChessBase"]
[SourceDate "2017.10.13"]
[SourceVersion "1"]
[SourceVersionDate "2017.10.13"]
[SourceQuality "1"]

1. e4 e5 2. Nf3 Nc6 3. Bb5 Nd4 4. Nxd4 exd4 5. 0-0 g6 6. d3 Bg7 7. f4 c6 8. Bc4 Ne7 9. f5 d5 10. f6 dxc4 11. fxg7 Rg8 12. Qf3 Be6 13. Qf6 Nc8 14. Bh6 Qxf6 15. Rxf6 Nd6 16. Nd2 cxd3 17. cxd3 Ke7 18. Raf1 Ne8 19. Bg5 Nxf6 20. Bxf6+ Ke8 21. Rf4 c5 22. g4 g5 23. Rf3 Bxg4 24. Rg3 Bd1 25. Rxg5 Rc8 26. Nc4 Rc6 27. e5 Kd7 28. Nd6 Rxd6 29. exd6 Kxd6 30. Re5 b6 31. Kf2 a6 32. Re1 Bg4 33. Be7+ Kd5 34. Bf8 Bf5 35. Ke2 b5 36. Kd2 Be6 37. b3 a5 38. Rc1 c4 39. dxc4+ bxc4 40. Rxc4 Bd7 41. Rc7 Be8 42. Re7 Bb5 43. Rxf7 a4 44. Rf5+ Kc6 45. Rc5+ Kb6 46. b4 d3 47. Rh5 Bd7 48. Rxh7 Be6 49. Rh3 Bxh3 50. Kxd3 a3 51. Kc2 Be6 52. h4 Bxa2 53. h5 Bf7 54. h6 Kb5 55. h7 Bg6+ 56. Kb3 1/2-1/2

[Event "San Francisco TNM Fall op"]
[Site "San Francisco"]
[Date "2015.12.01"]
[Round "7"]
[White "Clemens, Kristian"]
[Black "Ke, Ivan"]
[Result "0-1"]
[WhiteElo "1783"]
[BlackElo "1885"]
[PlyCount "82"]
[EventDate "2015.10.20"]
[EventType "swiss"]
[EventRounds "9"]
[EventCountry "USA"]
[SourceTitle "EXT 2023"]
[Source "ChessBase"]
[SourceDate "2022.10.05"]
[SourceVersion "1"]
[SourceVersionDate "2022.10.05"]
[SourceQuality "1"]

1. d4 Nf6 2. c4 g6 3. Nc3 Bg7 4. e4 d6 5. Nf3 0-0 6. Be2 Nc6 7. d5 Nb8 8. 0-0 e5 9. Bg5 h6 10. Bh4 Nbd7 11. Qc2 g5 12. Bg3 Nh5 13. Nd2 Nf4 14. Rac1 a5 15. b3 Nc5 16. a3 Bd7 17. f3 h5 18. Bf2 b6 19. Rb1 Qc8 20. b4 axb4 21. axb4 Na4 22. Bd3 Nxc3 23. Qxc3 Bh3 24. Ra1 Rxa1 25. Rxa1 Bxg2 26. Bf1 Qh3 27. Qc1 g4 28. Bg3 gxf3 29. Nxf3 Qg4 30. Nd2 Bxf1 31. Qxf1 h4 32. Qf3 Qxf3 33. Nxf3 hxg3 34. hxg3 Ne2+ 35. Kf2 Nd4 36. Nh4 f5 37. Ra7 Rf7 38. exf5 Nxf5 39. Nf3 Nd4 40. Ra8+ Kh7 41. Ra3 e4 0-1

[Event "San Francisco TNM Summer op"]
[Site "San Francisco"]
[Date "2015.06.30"]
[Round "6"]
[White "Clemens, Kristian"]
[Black "Yamamoto, Craig"]
[Result "1-0"]
[WhiteElo "1887"]
[BlackElo "1518"]
[PlyCount "63"]
[EventDate "2015.05.26"]
[EventType "swiss"]
[EventRounds "8"]
[EventCountry "USA"]
[SourceTitle "EXT 2016"]
[Source "ChessBase"]
[SourceDate "2015.10.08"]
[SourceVersion "1"]
[SourceVersionDate "2015.10.08"]
[SourceQuality "1"]

1. c4 Nf6 2. d4 e6 3. Nf3 b6 4. Bg5 Be7 5. Nc3 Bb7 6. Qc2 d5 7. cxd5 exd5 8. e3 0-0 9. Bd3 Nbd7 10. 0-0 c6 11. Rfc1 b5 12. Rab1 a5 13. Ne5 g6 14. f4 Ne4 15. Bxe7 Qxe7 16. Nxe4 Nxe5 17. fxe5 dxe4 18. Bxe4 Rac8 19. Qc5 Qxc5 20. Rxc5 Ba8 21. Rf1 Rfe8 22. Rfc1 Re6 23. Bd5 Ree8 24. Bxc6 Bxc6 25. Rxc6 Rb8 26. Kf2 b4 27. R1c5 b3 28. a4 Ra8 29. Rb6 Reb8 30. Rxb8+ Rxb8 31. Rxa5 Rc8 32. Rc5 1-0